Trudne słówka w języku polskim - Statystyki

Ogólne statystyki
  • Ten quiz został rozwiązany 55 razy
  • Średni wynik to 6 z 256
Statystyki odpowiedzi
Opis znaczenia słowa Trudne słowo % Poprawnych
Bezkrytyczne podporządkowywanie się normom, wartościom i poglądom uznanym za obowiązujące w danej grupie. Konformizm
59%
Wyraz dźwiękonaśladowczy. Onomatopeja
41%
Język literacki starożytnych, średniowiecznych i wczesnonowożytnych Indii. Sanskryt
32%
Zakaz importu lub eksportu określonych towarów do lub z danego państwa, czyli ograniczenie handlu i innych stosunków z określonym państwem. Embargo
27%
Uczony duchowny muzułmański, przywódca religijny. Imam
22%
Chorobliwy strach o własne zdrowie i życie; ciągłe doszukiwanie się u siebie objawów chorób, wyolbrzymianie dolegliwości. Hipochondria
19%
Osoba bardzo bogata, milioner. Krezus
16%
Figura retoryczna polegająca na celowym zestawieniu dwóch pojęć sprzecznych. Oksymoron
16%
Zwalczanie za pomocą środków chemicznych, fizycznych lub biologicznych wszelkich szkodliwych gryzoni, najczęściej szczurów i myszy. Deratyzacja
14%
Nurt światopoglądowy proklamujący porozumienie między wyznaniami. Ekumenizm
14%
Sielankowe życie. Idylla
14%
Osoba zachowująca się niegrzecznie, arogancko, obraźliwie lub bezczelnie. Impertynent
14%
Obcojęzyczne słowo, zwrot lub forma gramatyczna wprowadzona do wypowiedzi w języku ojczystym. Makaronizm
14%
Ścięcie głowy. Dekapitacja
11%
Rozwlekły nudny tekst, zwłaszcza list. Epistoła
11%
Powieść miłosna o wątpliwych wartościach artystycznych. Harlekin
11%
Coś nieziszczalnego, złudnego; pozory czegoś; zjawisko to polega na wystąpieniu pozornego obrazu oddalonego przedmiotu. Miraż
11%
Inaczej zapalenie płuc. Pneumonia
11%
Przywódca duchowy chasydów. Cadyk
8%
Chylenie się ku upadkowi; rozkład wartości moralnych i kulturowych. Dekadencja
8%
Obniżenie nominału danej waluty. Denominacja
8%
Szacunek, poważanie. Estyma
8%
Nauka zajmująca się pochodzeniem wyrazów. Etymologia
8%
Najgorętszy okres lata. Kanikuła
8%
Współrządzenie organów władzy reprezentujących odmienne opcje polityczne. Kohabitacja
8%
Mowa pochwalna. Laudacja
8%
Inaczej o wielkiej literze alfabetu. Majuskuła
8%
Postawa cyniczna, obłudna, pozbawiona skrupułów; wiara w to, że cel uświęca środki. Makiawelizm
8%
Uroczysty wstęp do aktu prawnego. Preambuła
8%
Budowla (lub część budowli) przeznaczona do tymczasowego składowania materiałów sypkich. Silos
8%
Występowanie cech pierwotnych, prymitywnych, spotykanych u dawnych przodków. Atawizm
5%
Zanik wartości moralnych lub estetycznych. Degrengolada
5%
Koncepcja głosząca, iż zasada równości obywateli powinna być podstawą sprawiedliwego ustroju społecznego. Egalitaryzm
5%
Badanie, wyjaśnianie i komentowanie tekstów. Egzegeza
5%
Występowanie przypadków tej samej choroby, na określonym terenie, utrzymujące się nawet przez wiele lat na tym samym poziomie. Endemia
5%
Stopniowe zwiększanie, potęgowanie się czegoś. Eskalacja
5%
Członek grupy ludzi nieposiadającej stałego miejsca zamieszkania, przemieszczającej się z miejsca na miejsce. Nomada
5%
Prawo do pełnomocnictwa. Plenipotencja
5%
Chorobliwa tendencja do nieustannego odkładania pewnych czynności na później. Prokrastynacja
5%
Zaburzenie, polegające na lunatykowaniu; inaczej lunatyzm. Somnambulizm
5%
Pojęcie głoszące solidarność wszystkich grup społecznych danego narodu, a wobec mniejszości narodowych i innych narodów nakazuje przyjmować wrogą postawę. Szowinizm
5%
Konstrukcja wyrazowa, w której jeden lub kilka wyrazów pokrywają się znaczeniowo, przez co część wyrazów jest zbędna. Tautologia
5%
Zabieg operacyjny dokonywany na żywym zwierzęciu w celach naukowych lub doświadczalnych. Wiwisekcja
5%
Zaniedbanie czegoś np. wyglądu, niedbałość. Abnegacja
3%
Zaburzenia mowy lub rozumienia mowy na skutek uszkodzenia mózgu. Afazja
3%
Stan osoby, która utraciła więź ze środowiskiem, w którym żyje. Alienacja
3%
Zawierający sprzeczne chęci, uczucia. Ambiwalentny
3%
Niezdolność do przeżywania przyjemnych uczuć. Anhedonia
3%
Nadawanie cech ludzkich innym (niebędącymi ludźmi) istotom i zjawiskom. Antropomorfizm
3%
Stanowisko przypisujące negatywną wartość rodzeniu dzieci. Antynatalizm
3%
Inaczej udar mózgu. Apopleksja
3%
Postępowanie zapobiegające dostaniu się drobnoustrojów chorobotwórczych do jakiegoś środowiska. Aseptyka
3%
Cecha jednostki, dająca jej niekwestionowany autorytet w grupie. Charyzma
3%
Judaistyczny ruch religijny lub pobożnościowy o charakterze mistycznym. Chasydyzm
3%
Człowiek zajmujący się jakąś dziedziną, nie znając się na niej, bez odpowiedniego przygotowania. Dyletant
3%
Nonteistyczny system filozoficzny i religijny który powstał w Indiach. Dżinizm
3%
Przesadne demonstrowanie uczuć, niewspółmierne do ich siły. Egzaltacja
3%
Obszar stale zamieszkany i wykorzystywany gospodarczo przez człowieka. Ekumena
3%
Człowiek żyjący w odosobnieniu szczególnie z pobudek religijnych. Eremita
3%
Delikatne słowo lub wyrażenie zastępujące inne, które jest zbyt drastyczne, nieprzyzwoite, dosadne. Eufemizm
3%
Pogląd głoszący prymat wiary i objawienia nad poznaniem rozumowym. Fideizm
3%
Swobodny stosunek do kwestii związanych z seksualnością. Frywolność
3%
Dawna nazwa atramentu. Inkaust
3%
Potocznie hitlerowski obóz koncentracyjny. Kacet
3%
Zbieżność lub jej powstawanie; niezależne powstawanie podobnych zjawisk kulturowych w odległych od siebie regionach świata w podobnych warunkach geograficznych. Konwergencja
3%
Pionowe okienko na dachu, które doświetla poddasze. Lukarna
3%
Ktoś stroniący od ludzi, czujący do nich niechęć lub wręcz wrogość. Mizantrop
3%
Patologiczne, silne uprzedzenie do kobiet. Mizoginia
3%
Osoba o wstecznych poglądach, przeciwnik postępu i wszelkich nowinek. Obskurant
3%
Ogół adwokatów. Palestra
3%
Zastąpienie nazwy jakiegoś zjawiska przez bardziej lub mniej rozbudowane jego opisanie. Peryfraza
3%
Regulowanie bądź ograniczanie kupna, produkcji lub sprzedaży pewnych artykułów. Reglamentacja
3%
Religia łącząca islam i hinduizm, powstała w XV wieku. Z islamu pochodzi nieposiadający żadnego wizerunku ani wcieleń Bóg, który jednak posiada „miliony imion”. Sikhizm
3%
Celowo i świadomie pomijać w rozważaniach jakąś cechę lub aspekt, żeby ułatwić analizę; nie uwzględniać czegoś. Abstrahować
0%
Osoba starająca się o względy kobiety; konkurent, zalotnik. Absztyfikant
0%
Dyskryminacja kogoś ze względu na wiek. Adultyzm
0%
Zgoda na coś, przy jednoczesnym uznaniu tego za dobre. Afirmacja
0%
Zniewaga, lekceważące zachowanie. Afront
0%
Zbytnie, przesadne spoufalenie. Amikoszoneria
0%
Niezdolność do rozpoznawania i do odtwarzania melodii spowodowana uszkodzeniem mózgu. Amuzja
0%
Zespół wierzeń zakładający istnienie świata materialnego i duchowego, współistnienie duszy z ciałem, przypisujący duszę wszystkim ludziom, roślinom, zwierzętom, minerałom i żywiołom. Animizm
0%
Załamanie się ładu społecznego. Anomia
0%
Przewidywanie, zakładanie czegoś jeszcze nieistniejącego. Antycypacja
0%
Sprzeczność, wykluczenie się dwóch twierdzeń, mimo że osobno zdają się być prawdziwe. Antynomia
0%
Mieszkaniec przeciwległych obszarów na kuli ziemskiej. Antypoda
0%
Niszczenie drobnoustrojów, np. w ranach, na narzędziach chirurgicznych, w pomieszczeniach, w celu niedopuszczenia do zakażenia. Antyseptyka
0%
Nieznoszący sprzeciwu, narzucający komuś swoje zdanie; też: świadczący o takich cechach. Apodyktyczność
0%
Wychwalanie kogoś lub czegoś; patetyczny utwór będący wyrazem takiej pochwały. Apoteoza
0%
Sposób rozwiązywania sporów prawnych bez odwoływania się do sądu powszechnego. Arbitraż
0%
Dążenie do celu "po trupach", bez brania pod uwagę kwestii etycznych. Arywizm
0%
Poważanie okazywane komuś lub czemuś, szacunek. Atencja
0%
Dążenie do obrony, podtrzymania lub podniesienia samooceny. Autowaloryzacja
0%
Żartobliwie o dziecku, zwykle psotnym. Basałyk
0%
Pozbawiony pruderii, bez oznak zawstydzenia. Bezpruderyjny
0%
Faza rozwoju religii indyjskiej między wedyzmem a hinduizmem. Braminizm
0%
Buntowniczy, zaczepny, czupurny, zawadiacki. Buńczuczny
0%
Przełomowy moment wyznaczający koniec jednej epoki i początek następnej. Cezura
0%
Zmiany osobowości typu psychopatycznego, wyrażające się w odchyleniach charakterologicznych. Charakteropatia
0%
Sprzątać, czyścić, porządkować. Chędożyć
0%
Mężczyzna skrupulatnie dbający o strój i o przestrzeganie form towarzyskich. Dandys
0%
Wyrzucenie kogoś lub czegoś przez okno. Defenestracja
0%
Niewiara w powodzenie sprawy, w zwycięstwo; przewidywanie porażki z góry, przed decydującą rozgrywką. Defetyzm
0%
Przekroczenie granicy zdolności przystosowania się narządu do zwiększonych obciążeń, objawiające się jego niewydolnością. Dekompensacja
0%
Oddziaływanie na uczucia i nastroje polityczne lub społeczne nieuświadomionych mas przez nierealne obietnice. Demagogia
0%
Odchylenie od przyjętych norm lub wartości zachowania. Dewiacja
0%
Powierzchowna, manifestacyjna pobożność. Dewocja
0%
Umniejszać wartość czegoś lub czyjeś zasługi. Dezawuować
0%
Lekceważące, zbyt swobodne zachowanie. Dezynwoltura
0%
Podział pewnej klasy na dwie, zwykle przeciwstawne, grupy elementów lub zestawienie par przeciwstawnych pojęć. Dychotomia
0%
Zły nastrój występujący w zaburzeniach psychicznych, samopoczucie nacechowane drażliwością, skłonnością do agresji i czynów impulsywnych. Dysforia
0%
Oparty na wnioskowaniu z uprzednio przyjętych twierdzeń (przesłanek), poparty argumentacją; nieintuicyjny. Dyskursywny
0%
Osoba, która odsunęła się od grupy, do której należała; odstępca od dogmatów kościelnych. Dysydent
0%
Rozwlekłe rozważanie nie na temat; odejście od tematu. Dywagacja
0%
Istota, rzecz lub zjawisko przemijające szybko i bez śladu. Efemeryda
0%
Tworzenie całości z różnych elementów. Eklektyzm
0%
Objaśnienie, wyjaśnienie, wytłumaczenie danego pojęcia. Eksplikacja
0%
Prognozowanie przebiegu wydarzeń na podstawie znajomości analogicznych zjawisk. Ekstrapolacja
0%
Obszerne, pisemne opracowanie zagadnienia, merytorycznie poprawne, ale pozbawione twórczego zamysłu. Elaborat
0%
Umiejętność pięknego wysławiania się; gadulstwo. Elokwencja
0%
Galeria nad przedsionkiem lub nawą kościoła. Empora
0%
Rozpad, chaos, nieporządek. Entropia
0%
Tablica poświęcona zmarłemu wmurowana w ścianę kościoła. Epitafium
0%
Słowo utworzone od nazwy własnej. Eponim
0%
Rozległy zasób książkowej wiedzy; gruntowne wykształcenie. Erudycja
0%
Sztuka prowadzenia sporów. Erystyka
0%
Dział teologii i filozofii dotyczący spraw ostatecznych: śmierci, końca świata, życia pozagrobowego, rodzajów sądu pośmiertnego, świata zmarłych. Eschatologia
0%
Ucieczka od problemów codzienności i życia społecznego. Eskapizm
0%
Duchowy, metafizyczny, niematerialny. Eteryczny
0%
Pogląd etyczny, według którego szczęście jest najwyższym dobrem i celem człowieka. Eudajmonizm
0%
Kolekcjonowanie odznaczeń i orderów, a także dziedzina historii poświęcona owym odznaczeniom. Falerystyka
0%
Omamy wzrokowe, przywidzenia. Fantasmagoria
0%
Beduiński wojownik, rycerz konny. Farys
0%
Ktoś ruchliwy, zwinny. Fertyczny
0%
Ktoś żartobliwy i trochę prowokujący. Filuterny
0%
Ktoś pusty i lekkomyślny. Fircyk
0%
Dawać upust czemuś, pozwalać sobie. Folgować
0%
Bratanie się, zaprzyjaźnianie się, zwłaszcza niestosowne i niewłaściwe ze względu na osoby lub okoliczności. Fraternizacja
0%
Niekonwencjonalny, wymyślny, fantazyjny. Frymuśny
0%
Ktoś lub coś wielkiego, żarłocznego i rubasznego. Gargantuiczny
0%
Literackie określenie osoby skąpej. Harpagon
0%
Forma politeizmu; uznanie wielkości wielu bogów przy jednoczesnym wywyższeniu jednego bóstwa. Henoteizm
0%
Teoria o nauce podczas snu, mechanicznym odtwarzaniu zapamiętanych lekcji, ćwiczeń. Hipnopedia
0%
Jest to byt wyemanowany z Absolutu. Hipostaza
0%
Dziedzina filozofii zajmująca się refleksją nad dziejami, ich sensem, biegiem i celem, próbująca ustalić prawidłowości, które nimi rządzą. Historiozofia
0%
Całościowy, ogólny. Holistyczny
0%
Taki, który wygląda dobrze, zdrowo, pięknie, młodo, jest silny i urodziwy. Hoży
0%
Potrawa z ciecierzycy, czosnku i pasty tahini, popularna na Bliskim Wschodzie. Hummus
0%
Czczenie samego siebie; narcyzm. Idiolatria
0%
Oddawanie czci boskiej idolom. Idolatria
0%
Taki, który nie wynika z działań zewnętrznych, tkwiący w naturze czegoś; zawarty w czymś. Immanentny
0%
Coś, czego nie da się zmierzyć, ale co ma istotny wpływ na sytuację oraz przebieg wydarzeń. Imponderabilia
0%
Bezradność, bezczynność, brak reakcji na sytuację. Indolencja
0%
Wykazywać postawę obojętną wobec czegoś lub kogoś. Indyferencja
0%
Bierne poddawanie się, niechęć do czynu, brak woli podjęcia własnej inicjatywy. Inercja
0%
Skłonność; upodobanie do kogoś albo czegoś. Inklinacja
0%
Inaczej rozmówca. Interlokutor
0%
Czynnik, cecha lub zjawisko stałe i niezmieniające się w czasie. Inwariant
0%
Człowiek, który lubi posługiwać się tanimi efektami w celu wzbudzenia zainteresowania. Kabotyn
0%
Lęk i obawa przed pięknymi kobietami. Kaligynefobia
0%
Podpora architektoniczna w postaci kobiecej spełniająca funkcję kolumny lub pilastra. Kariatyda
0%
Zastrzeżenie lub warunek w dokumencie prawnym. Klauzula
0%
Zamknięta dla niezakonników część klasztoru. Klauzura
0%
Podanie ludowe. Klechda
0%
Żartobliwie fryzura, uczesanie. Koafiura
0%
Wewnętrzna spójność np. tekstu, poglądów, wypowiedzi. Koherencja
0%
Dokonywany pod wpływem niedającego się opanować przymusu wewnętrznego. Kompulsywny
0%
Człowiek podejmujący działania w cudzej sprawie dla własnego zysku. Kondotier
0%
Mijanie się z prawdą, koloryzowanie na jakiś temat, przekonanie o prawdziwości zmyślonych przez siebie faktów. Konfabulacja
0%
Inaczej wniosek końcowy, puentowanie. Konkluzja
0%
Portret, wizerunek. Konterfekt
0%
Protest, manifestowanie sprzeciwu wobec czegoś; podanie w wątpliwość. Kontestacja
0%
Ogólnie przyjęte normy i obyczaje towarzyskie. Konwenans
0%
Przemiana, przekształcenie postaci czegoś. Konwersja
0%
Rzecz lub zjawisko wyjątkowo osobliwe, które budzi zdumienie swoją niezwykłością lub dziwacznością. Kuriozum
0%
Wyszukana, oficjalna uprzejmość i takt w zachowaniu. Kurtuazja
0%
Zmienny, niestały, niestabilny, chwiejny. Labilny
0%
Zwięzły, treściwy, wyrazisty. Lapidarny
0%
Opóźnienie czasowe podczas przesyłania informacji. Latencja
0%
Człowiek wybitnie wykształcony, znany w kręgach naukowych lub kulturalnych. Luminarz
0%
Człowiek niezadowolony ze wszystkiego, doszukujący się wad we wszystkim i wszystkich. Malkontent
0%
System religijny stworzony w III wieku przez Babilończyka Maniego (Manesa). Jest oparty na dualizmie i podkreślaniu poznania w procesie wyzwalania się spod wpływu zła. Manicheizm
0%
Pomieszanie różnych rzeczy; tak też mówi się o imprezie z alkoholem. Melanż
0%
Przemiana duchowa, przyjęcie jakiegoś systemu wartości, poglądów i zasad, nawrócenie. Metanoja
0%
Zwlekać z czymś, marnować czas. Mitrężyć
0%
Hamować czyjąś zapalczywość, powstrzymywać kogoś. Mitygować
0%
Patologiczny wstręt do mężczyzn. Mizoandryzm
0%
Portret, zwykle ślubny, wykonany na podstawie zdjęcia ale podkolorowany i upiększony. Monidło
0%
Filozoficzny pogląd uznający naturę wszelkiego bytu za jednorodną: materialną, duchową lub materialno-duchową. Monizm
0%
Nerwica polegająca na pobudliwości, drażliwości i szybkim wyczerpywaniem się układu nerwowego. Neurastenia
0%
Ogół nazw, terminów używanych w jakiejś dziedzinie nauki. Nomenklatura
0%
Hamowanie sprawnego przebiegu czegoś. Obstrukcja
0%
Upośledzenie umysłowe, niepełnosprawność intelektualna. Oligofrenia
0%
Przedstawianie rzeczywistości na wzór snu. Oniryzm
0%
Postawa moralna człowieka kierującego się w swym postępowaniu nie powszechnie przyjętymi zasadami, lecz tym, co w danej sytuacji jest dla niego korzystne. Oportunizm
0%
Przerażająca sytuacja, wydarzenie, miejsce; królestwo władcy piekieł i demonów. Pandemonium
0%
Wyrażenie tej samej treści innymi środkami wyrazowymi; przeróbka tekstu literackiego rozwijająca lub modyfikująca treść pierwowzoru. Parafraza
0%
Zestawienie cech podobnych, analogicznych. Paralela
0%
Inaczej pokrewieństwo. Parentela
0%
Mający na względzie korzyść własnego środowiska, regionu, a nie ogółu. Partykularny
0%
Ponowne przyjście Jezusa Chrystusa na świat. Paruzja
0%
Zjawisko ubożenia człowieka lub społeczeństwa. Pauperyzacja
0%
Mający negatywny, ujemny (obraźliwy, zniechęcający) wydźwięk. Pejoratywny
0%
Ustalona liczba godzin pracy nauczyciela lub wykładowcy. Pensum
0%
Uporczywe powracanie do pewnych wyobrażeń, myśli, słów. Perseweracyjny
0%
Cześć, poszanowanie; szacunek z troską o coś. Pietyzm
0%
Związek jednego mężczyzny z wieloma kobietami. Poligynia
0%
Kultura towarzyska, dobre maniery, umiejętność właściwego zachowania się. Polor
0%
Stosunek rodzinno-prawny, który zachodzi między jednym z małżonków a krewnymi drugiego małżonka Powinowactwo
0%
Ktoś zachowujący się sztucznie; zbyt wyszukany, świadczący o złym guście. Pretensjonalny
0%
Dążenie do kontaktów seksualnych bez więzi uczuciowych. Promiskuityzm
0%
Pochodzenie (kogoś lub czegoś) i przejawianie charakterystycznych cech uwarunkowanych tym pochodzeniem. Proweniencja
0%
Dążenie do pozyskania nowych wyznawców jakiejś religii lub idei. Prozelityzm
0%
Człowiek wątły, chorowity. Rachityczny
0%
W logice, programowaniu i w matematyce odwoływanie się np. funkcji lub definicji do samej siebie. Rekurencja
0%
Ważny z czyjegoś punktu widzenia lub istotny w jakiejś sprawie. Relewantny
0%
Wspomnienie rzeczy, minionej sprawy i refleksje z nimi związane. Reminiscencja
0%
Wzbudzający niechęć, wstręt. Repulsywny
0%
Przywiązanie do tradycyjnych cech przypisanych danej płci, wyrażające się np. w ubiorze czy zachowaniu Retroseksualizm
0%
Odtwarzanie w pamięci przeżyć lub zdarzeń z przeszłości; też: przeżycie lub zdarzenie odtworzone w pamięci. Retrospekcja
0%
Urzędowy wzrost kursu danej waluty. Rewaluacja
0%
Człowiek niezdarny, ślamazarny. Safanduła
0%
Dział językoznawstwa zajmujący się znaczeniem wyrażeń językowych. Semantyka
0%
Człowiek sztucznie poważny, silący się na uczoność. Sensat
0%
Politeistyczny kult religijny w Japonii, wywodzący się z animistycznej czci dla zjawisk przyrody i zmarłych przodków. Sintoizm
0%
Ciało, jako fizyczny wymiar człowieka które jest przedmiotem nauk i badań medycyny konwencjonalnej. Soma
0%
Religijne przeświadczenie o zbawczej roli bóstwa; nauka o zbawieniu. Soteriologia
0%
Nauka o ochronie środowiska. Sozologia
0%
Jeden z kierunków monizmu zakładający, że w świecie rzeczywistym istnieją tylko substancje duchowe (dusze). Spirytualizm
0%
Przejęzyczenie, mimowolne przestawienie głoski w wyrazie. Spuneryzm
0%
Osłupienie, odrętwienie, zamroczenie. Stupor
0%
Odsiecz, pomoc, posiłki, wsparcie. Sukurs
0%
Zakładać, przypuszczać, mniemać. Suponować
0%
Rzecz zastępcza; zamiennik czegoś. Surogat
0%
Ktoś podły, zasługujący na pogardę. Swołocz
0%
Figura stylistyczna polegająca na zastąpieniu nazwy całości lub ogółu przedmiotów nazwą części lub jednego przedmiotu. Synekdocha
0%
Dobrze płatna posada, która nie wymaga od zatrudnionego większego wysiłku. Synekura
0%
Człowiek lekkomyślny i oddający się zabawom. Szaławiła
0%
Ochraniacze do jazdy konnej, używane zamiast wysokich butów, na przykład oficerek. Sztylpy
0%
Nauka o śmierci człowieka, w szczególności zajmuje się jakościowym opisem przyczyn śmierci oraz żalem jej towarzyszącym. Tanatologia
0%
W hinduizmie i dźinizmie; pogląd, że wszystko, co istnieje, stanowi manifestację jednego bytu. Tantra
0%
Tradycyjny chiński system filozoficzny i religijny. Taoizm
0%
Istnienie poza czymś, w szczególności istnienie przedmiotu poznania poza umysłem poznającym. Transcendencja
0%
Przekroczenie granic, norm. Transgresja
0%
Człowiek uważany za gorszego w rozwoju kulturowym i osobistym; człowiek mało inteligentny. Troglodyta
0%
Osoby lub środowiska głoszące swe poglądy krzykliwie i demonstracyjnie. Tromtadracja
0%
Podział na trzy części; trójdzielność. Trychotomia
0%
Banalny, pospolity, niewyszukany. Trywialny
0%
Długa wypowiedź na jakiś temat, utrzymana zwykle w podniosłym stylu. Tyrada
0%
Jednobrzmiąco, jednogłośnie, zgodnie. Unisono
0%
Pomysł, którego nie można zrealizować; coś nierealnego. Utopia
0%
Rozrzutny i używający życia mężczyzna. Utracjusz
0%
Utarty zwyczaj, praktyka. Uzus
0%
Najstarsza względnie poznana religia Indii, w swoim kształcie henoteistyczna. Wedyzm
0%
Przestarzale o żywności, prowiancie. Wiktuały
0%
Pracownik pilnujący porządku w lokalu rozrywkowym lub gastronomicznym. Wykidajło
0%
Forma architektoniczna stanowiąca element wystający z lica elewacji. Wykusz
0%
Nie znaleziono quizów pasujących do podanych kryteriów
Rozkład punktacji
Procent ludzi z każdym wynikiem
Percentyl według liczby udzielonych odpowiedzi
Twoja historia wyników
Nie rozwiązałeś tego quizu